Every Place In Fond Du Lac County, WI - Statistics

General Stats
  • This quiz has been taken 10 times
  • The average score is 7 of 11
Answer Stats
Letter Population Answer % Correct
F 44,366 Fond Du Lac
100%
B 875 Brandon
67%
C 2,044 Campbellsport
67%
E 911 Eden
67%
F 345 Fairwater
67%
M 488 Mount Calvary
67%
N 5,437 North Fond Du Lac
67%
O 1,068 Oakfield
67%
R 7,647 Ripon
67%
S 495 St. Cloud
67%
R 1,034 Rosendale
33%
No matching quizzes found
Score Distribution
Percent of People with Each Score
Percentile by Number Answered
Your Score History
You have not taken this quiz